00956nam a2200301 a 450000100060000000300100000600500170001600700030003300800410003602000290007702000150010604000260012104100130014708200160016010000310017624000260020724501190023325000180035230000260037033600270039633700330042333800280045649000280048450000250051265000380053765300440057570000350061958424CO-BoRNBP20250822152221.0ta970614s1994 ck a jr 000 f spa  a9580708444 (colección) a9580709262 aCO-BoBNbspacCO-BoBN1 aspahfre04a843.9142231 aDesrosiers, Sylvie,d1954-13aLa patte dans le sac.13aLa pata en la bolsa :bbasado en una idea de Pierre Huet /cSylvie Desrosiers ; iluustraciones de Daniel Sylvestre a1a. edición a89 p. :bil. ;c18 cm 2rdacontentatextobtxt 2rdamediaasin mediaciónbn 2rdacarrieravolumenbnc0 aJóvenes lectores ;v2 aCoedición: Susaeta aNovela canadienseySiglo XX2LEMB aLiteratura juvenil canadienseaSiglo XX1 aSylvestre, Daniel,eilustrador